Kỹ thuật canh tác lúa cao sản Dự án VIE/96/025 Nâng cao năng lực xóa nghèo tỉnh Trà Vinh
Gardado en:
| Autor Principal: | |
|---|---|
| Formato: | Libro |
| Idioma: | Undetermined |
| Publicado: |
Cần Thơ
Đại Học Cần Thơ
2001
|
| Những chủ đề: | |
| Các nhãn: |
Engadir etiqueta
Sen Etiquetas, Sexa o primeiro en etiquetar este rexistro!
|
| Thư viện lưu trữ: | Trung tâm Học liệu Trường Đại học Cần Thơ |
|---|
| LEADER | 00566nam a2200181Ia 4500 | ||
|---|---|---|---|
| 001 | CTU_51384 | ||
| 008 | 210402s9999 xx 000 0 und d | ||
| 082 | |a 633.18 | ||
| 082 | |b Đ250 | ||
| 100 | |a Nguyễn Ngọc Đệ | ||
| 245 | 0 | |a Kỹ thuật canh tác lúa cao sản | |
| 245 | 0 | |b Dự án VIE/96/025 Nâng cao năng lực xóa nghèo tỉnh Trà Vinh | |
| 260 | |a Cần Thơ | ||
| 260 | |b Đại Học Cần Thơ | ||
| 260 | |c 2001 | ||
| 650 | |a rice | ||
| 650 | |x research | ||
| 980 | |a Trung tâm Học liệu Trường Đại học Cần Thơ | ||